Steel systems and OSM can improve cost-efficiency (Record no. 78184)

MARC details
000 -LEADER
fixed length control field 01049cab a2200193 4500
001 - CONTROL NUMBER
control field ##L136195
008 - FIXED-LENGTH DATA ELEMENTS--GENERAL INFORMATION
fixed length control field 070117n2006 000 0 eng u
035 ## - SYSTEM CONTROL NUMBER
System control number (Sirsi) u136195
041 0# - LANGUAGE CODE
Language code of text/sound track or separate title eng
100 1# - MAIN ENTRY--PERSONAL NAME
Personal name Martin, Michael
245 00 - TITLE STATEMENT
Title Steel systems and OSM can improve cost-efficiency
260 ## - PUBLICATION, DISTRIBUTION, ETC.
-- 2006
490 #0 - SERIES STATEMENT
Series statement Building Engineer
Volume/sequential designation November 2006, 12-13(2)
520 ## - SUMMARY, ETC.
Summary, etc. Explains how Off-Site Manufacture (OSM) and the use of steel system technology can help deliver the required number affordable and sustainable homes. Compared with traditional methods of construction, OSM can deliver up to four times as many homes as well as reducing on-site construction time. Steel system technology also maximises cost-effectiveness, has high long-term sustainability and is a flexible and stable construction material. Includes a case study of Bywater Court at Allerton Bywater Millennium Community, West Yorkshire.
590 ## - LOCAL NOTE (RLIN)
Local note KA
651 #4 - SUBJECT ADDED ENTRY--GEOGRAPHIC NAME
Geographic name United Kingdom
Chronological subdivision
690 ## - LOCAL SUBJECT ADDED ENTRY--TOPICAL TERM (OCLC, RLIN)
Topical term or geographic name as entry element BUILT ENVIRONMENT-BUILDING MATERIALS-METAL-STEEL
942 ## - ADDED ENTRY ELEMENTS (KOHA)
Suppress in OPAC 0
Holdings
Withdrawn status Lost status Source of classification or shelving scheme Damaged status Not for loan Home library Current library Shelving location Date acquired Total Checkouts Full call number Barcode Date last seen Copy number Price effective from Koha item type
    Dewey Decimal Classification     London London Journal article 17/01/2007   L136195 136195-1001 06/08/2019 1 06/08/2019 Journal article